Music Quiz

Random Music or Lyrics Quiz

'One Week' Lyrics Quiz Stats

 Plays Quiz not verified by Sporcle

Score 0/77 Timer 12:00
0 Plays Today
Starts With... Lyric % Correct
It'sbeen one week since you looked at
92.7%
It'sbeen one week since you looked at
92.7%
It'sbeen one week since you looked at
92.7%
Cockedyour head to the side and said I'm
75.7%
Threedays since the living
71.1%
Threedays since the living
71.1%
Ilike the
61.5%
Fivedays since you laughed at me
56.9%
BecauseI'm all about
56%
ChickityChina the Chinese
53.2%
Biglike LeAnn
52.3%
Yesterdayyou'd forgiven
51.8%
Yesterdayyou'd forgiven
51.8%
Watchin'X-Files with no lights
51.8%
'Kay,I don't make
50%
Can'tunderstand what I
48.6%
Can'tunderstand what I
48.6%
Butif I did they'd have a
47.2%
You'llthink you're looking at
46.8%
I'mthe kind of guy who laughs at a
46.8%
I'mthe kind of guy who laughs at a
46.8%
Hotlike wasabi when I bust
45%
Well,you soon
44.5%
Youhave a drumstick and your brain stops
44%
You'llhave to sign a
43.6%
Isummon fish to the
42.7%
Ilike vanilla, it's the finest of the
42.2%
Youtry to match
41.7%
LikeHarrison Ford I'm getting
41.7%
LikeSting I'm
41.3%
Tryinghard not to smile though I feel
40.8%
Tryinghard not to smile though I feel
40.8%
'Causeit's never touched a frying
40.4%
Ihave a history of taking off my
40.4%
AlthoughI like the Chalet
39%
Fivedays since you tackled
38.1%
LikeSnickers, guaranteed to
37.6%
Yousoon
36.7%
I'vestill got the rug burns on both my
35.3%
Starts With... Lyric % Correct
Youtry to hold me but I bust
33.9%
Howcan I help it if I think you're funny when you're
33%
Howcan I help it if I think you're funny when you're
33%
Ihave a tendency to wear my mind on my
33%
Ihave a tendency to wear my mind on my
33%
Irealized it's all my fault but couldn't tell
32.6%
Butit'll still be two days till I say I'm
32.6%
AsI make you stop,
32.6%
Ihope the Smoking Man's in this
32.1%
Ihave a history of losing my
32.1%
It'sbeen three days since the
31.2%
Yesterdayyou just smiled at
29.8%
Threwyour arms in the air and said 'You're
29.4%
Holdit now and watch the
28.4%
We'redans la
28%
'Getthat together, come back and see
27.5%
Thatmake me think the wrong
27.5%
'Causethat cartoon has got the boom anime
23.9%
Gottaget in tune with Sailor
22.5%
Gonnaget a set of better
22%
I'dlike a stinkin' achin'
21.1%
LikeKurosawa, I make mad
21.1%
BertKaempfert's got the mad
20.6%
BirchmontStadium, home of the
20.2%
Gonnamake a break and take a
17.9%
'Causeit'll still be two days till we say we're
17.9%
Werealized we're both to blame, but what could we
17.4%
Gottasee the show 'cause then you'll
16.5%
Gonnafind the kind with tiny
16.5%
Fivedays since I laughed at you and
16.5%
Droppedyour arms to the side and said 'I'm
16.1%
It'llstill be two days till we say we're
13.8%
It'llstill be two days till we say we're
13.8%
Andnow I sit back and wait till you say you're
13.3%
'Youjust did just what I thought you we're gonna
13.3%
Justso my irons aren't always flying off the
12.8%
Thevertigo is gonna grow 'cause it's so
12.4%
Yourealized it's not my fault, not a moment too
12.4%

You're not logged in!

Compare scores with friends on all Sporcle quizzes.
OR
Log In

Show Comments

Extras

Top Quizzes Today


Score Distribution

Your Account Isn't Verified!

In order to create a playlist on Sporcle, you need to verify the email address you used during registration. Go to your Sporcle Settings to finish the process.

Report this User

Report this user for behavior that violates our Community Guidelines.

Details: